Govt. of
Madhya Pradesh

स्‍मृति (Record no. 64271)

MARC details
000 -LEADER
fixed length control field 00302nam a22000977a 4500
100 ## - MAIN ENTRY--AUTHOR NAME
Personal name रस्‍ताेगी,उषा
245 ## - TITLE STATEMENT
Title स्‍मृति
260 ## - PUBLICATION, DISTRIBUTION, ETC. (IMPRINT)
Place of publication दिल्‍ली
Name of publisher लोकमित्र प्रकाशन
Year of publication 2016
650 ## - SUBJECT ADDED ENTRY--TOPICAL TERM
Topical Term कविता
942 ## - ADDED ENTRY ELEMENTS (KOHA)
Koha item type Hindi Books
Holdings
Withdrawn status Lost status Damaged status Not for loan Home library Current library Date acquired Cost, normal purchase price Full call number Accession Number Price effective from Koha item type
        MACL MACL 13/09/2021 200.00 891.431/RSA/P CRH035848 13/09/2021 Hindi Books